| 000 | 00840nam a2200217Ia 4500 | ||
|---|---|---|---|
| 003 | GCL | ||
| 008 | 140319s9999 xx 000 0 ara d | ||
| 040 |
_aGCL / _cGCL |
||
| 082 | 0 | 4 |
_a378.17 _bر ت |
| 100 | 1 | _aرمزى احمد عبدالحى | |
| 245 | 1 | 0 |
_aالتعليم العالى الالكترونى : _bمحدداته ومبرراته ووسائطه / _cرمزى احمد عبدالحى |
| 250 | _aالاولى | ||
| 260 |
_aالقاهرة : _bدار الوفاء لدنيا الطباعة والنشر ، _c2005 |
||
| 300 |
_a234 ص ؛ _c24 سم |
||
| 650 | 0 | 4 | _aالتعليم العالى |
| 650 | 0 | 4 | _aالجامعات والكليات |
| 650 | 0 | 4 | _aالتكنولوجيا - برامج الحاسبات |
| 650 | 0 | 4 | _aتكنولوجيا التعليم |
| 650 | 0 | 4 | _aالتعليم الالكترونى |
| 942 |
_2ddc _cBK |
||
| 999 |
_c8291 _d8291 |
||